Представление документа в формате MARC21

Поле Инд. ПП Название Значение
Тип записи a
Библиографический уровень b
001 Контрольный номер RU/IS/BASE/117554054
005 Дата корректировки 20200625193623.0
084 a Индекс другой классификации/Индекс ББК 60.561.3
a Индекс другой классификации/Индекс ББК 60.541.1
a Индекс другой классификации/Индекс ББК 66.038.5
100 1_ a Автор Гельман В. Я.
q Полное имя Гельман Владимир Яковлевич
245 a Заглавие Политические элиты и стратегии региональной идентичности
504 a Библиография Лит.: с. 103 - 105 (56 назв.)
520 a Аннотация "Почему региональная идентичность имеет (или не имеет) политическое значение? Возникновение и развитие политики региональной идентичности в современной России рассматривается в статье в рамках теории рационального выбора, как результат деятельности политических элит, которые пытаются использовать ресурс региональной идентичности в своих интересах <...> Региональная идентичность является одним из видов символической продукции, сбыт которой элитами на внутренних и внешних политических рынках происходит благодаря стратегиям "символического менеджмента". Стратегии региональных элит в современной России анализируются на примере "критического случая" политического развития Новгородской области в 1990-е - начале 2000-х гг., который демонстрирует логику и механизмы политики региональной идентичности."
650 a Основная рубрика политика
a Основная рубрика политическая социология
a Основная рубрика политология
a Основная рубрика социология
a Основная рубрика социология групп
653 a Ключевые слова массовое политическое поведение
a Ключевые слова национальная идентичность
a Ключевые слова Новгородская область
a Ключевые слова политическая культура
a Ключевые слова политическая регионалистика
a Ключевые слова политическая элита
a Ключевые слова политическое развитие регионов
a Ключевые слова политическое управление
a Ключевые слова распределение власти
a Ключевые слова регионализм
a Ключевые слова региональная идентичность
a Ключевые слова региональная политическая элита
a Ключевые слова регионы России
a Ключевые слова Россия
a Ключевые слова рынок символической продукции
a Ключевые слова стратегии региональной идентичности
a Ключевые слова стратегия "символического менеджмента"
a Ключевые слова теория рационального выбора
773 t Заглавие источника Журнал социологии и социальной антропологии
d Дата издания источника 2003
g Прочая информация № 2. - С. 91 - 105
w Контрольный № источника RU/IS/BASE/110906361
901 t Тип документа b